Analytic functions /

Guardado en:
Autor Principal: Saks, Stanislaw.
Otros Autores: Zygmund, Antoni, 1900-1992.
Formato: Libro
Idioma:English
Polish
Publicado: Warszawa : PWN, 1965.
Edición:2nd ed., enl.
Series:Polska Akademia Nauk. Monografie matematyczne ; t. 28
Etiquetas: Agregar Etiqueta
Sin Etiquetas, Sea el primero en etiquetar este registro!
LEADER 00661nam a22002055a 4500
001 MAT.inmabb001460
008 031124s1965####pl############000#0#eng#d
005 20130318195745.0
245 1 0 |a Analytic functions /  |c Stanislaw Saks and Antoni Zygmund ; translated by E. J. Scott. 
250 |a 2nd ed., enl. 
260 |a Warszawa :  |b PWN,  |c 1965. 
300 |a vii, 508 p. ;  |c 25 cm. 
440 0 |a Polska Akademia Nauk. Monografie matematyczne ;  |v t. 28 
510 4 |a MR,  |c 31 #4889 
100 1 |a Saks, Stanislaw. 
700 1 |a Zygmund, Antoni,  |d 1900-1992. 
084 |a 30-02  |2 msc2000 
010 |a  65069458  
041 1 |a eng  |h pol 
859 |h 30  |i Sa158  |p A-1750  |b BIB. MATEMATICA